Léto na Skotské vysočině

Saved in:
Bibliographic Details
Main Author Ashcroftová, Donna
Format Electronic eBook
LanguageCzech
Published Cosmopolis 2026
Edition1. elektronické vydání
Subjects
Online AccessDostupné v BOOKPORT po přihlášení pomocí eduID
ISBN978-80-271-6534-6
978-80-271-6535-3
978-80-271-6050-1
Physical Description1 online zdroj (280 stran)

Cover

LEADER 00000nam a2200000 i 4500
001 bkp14939
003 CZ-prgp
005 20260526115630.0
006 m o d
007 cr cn
008 260526s2026 xr o 000 1 cze
020 |a 978-80-271-6534-6  |c 339 Kč  |q (online ; pdf) 
020 |a 978-80-271-6535-3  |c 339 Kč  |q (online ; epub) 
020 |a 978-80-271-6050-1  |c 399 Kč  |q (print) 
040 |a Grada  |b cze  |e rda 
100 1 |a Ashcroftová, Donna 
245 1 0 |a Léto na Skotské vysočině  |c Donna Ashcroftová 
250 |a 1. elektronické vydání 
264 1 |b Cosmopolis  |c 2026 
300 |a 1 online zdroj (280 stran) 
336 |a text  |b txt  |2 rdacontent 
337 |a počítač  |b c  |2 rdamedia 
338 |a online zdroj  |b cr  |2 rdacarrier 
520 3 |a Román o hledání radosti v maličkostech a o tom, co je v životě skutečně důležité. Ideální pro čtenářky Julie Caplinové. 
650 0 4 |a Milostné romány 
856 4 0 |u https://www.bookport.cz/AccountSaml/SignIn/?idp=https://shibboleth.utb.cz/idp/shibboleth&returnUrl=/kniha/leto-na-skotske-vysocine-16128/  |y Dostupné v BOOKPORT po přihlášení pomocí eduID